00472nam a2200157 i 450000100060000000300090000600500170001500700030003200800410003510000350007624500780011126000650018930000260025470000130028085200210029371552ES-MaACL20260114063023.0t|040812s1925 fr ||||1| fre d1 aGentile, Giovanni, d1875-194412aL'espirit acte pur / cpar G. Gentile ; traduit de l'italien par A. Lion. aParís : bFélix Alcan, c1925 (fPresses Universitaires) aXV, 255 p. ; c23 cm.1 aLion, A. aES-MaACLjB-6550